000 01236nam a2200277 i 4500
003 DO-SdBNP
005 20250526131740.0
007 ta
008 250526b2024 dr a|||| |||| 00| 0 spa d
020 _a9789945224016
040 _aDO-SdBNP
_bspa
_cBNPHU
_erda
041 _aspa
082 4 _axxx
_bO77m
_222
100 1 _aOrtega, Yaury,
_eautor
_4aut.
_987384
245 1 3 _aEl matrimonio a la luz de la maternidad /
_cYaury Ortega.
250 _aPrimera edición
264 _aSanto Domingo, República Dominicana :
_bEditora Búho,
_c2024.
300 _a86 páginas ;
_bilustraciones ;
_c22 cm.
336 _atexto
_btxt
_2rdacontent
337 _asin mediación
_bn
_2rdamedia
338 _avolumen
_bnc
_2rdacarrier
505 _aAgradecimientos -- Introducción -- ¿Por qué hablar del matrimonio a la luz de la maternidad? -- ¿Cómo saber si mi matrimonio está preparado para la maternidad ? -- Intimidad: Aprendiendo a sostener conversaciones profundas --Tiempo de calidad ¿Cómo lidiar con la sobrecarga de responsabilidades? -- Visión: Venciendo hoy la insatisfacción de mañana -- Pasión : Más que sexo -- Conclusión -- Acerca del autor.
590 _aInventariado, 2025 /LP
910 _aLP
942 _2ddc
_cLBS1
999 _c58665
_d58665